| 000 | 00995nmc a2200337 a 4500 | ||
|---|---|---|---|
| 003 | AR-BaBNM | ||
| 005 | 20251128202731.0 | ||
| 008 | 017019s1992 ||||||||||||||000 | spa|| | ||
| 020 | _a84-7100-293-0 | ||
| 040 | _cAR-BaBNM | ||
| 100 | 1 | _aSimmons, Merle E. | |
| 245 | 1 | 0 | _aLa revolución norteamericana en la Independencia de Hispanoamérica |
| 250 | _a1ª ed. | ||
| 260 |
_aMadrid _bMapfre _c1992 |
||
| 300 | 0 | _a372 p. | |
| 490 | 0 |
_aEspaña y Estados Unidos _vv. 5 |
|
| 504 | _aContiene bibliografía seleccionada p. 357-361. | ||
| 600 | 1 | 4 | _aWashington, George |
| 600 | 1 | 4 |
_aFranklin, Benjamin _d1706-1790 |
| 650 | 4 | _aINDEPENDENCIA | |
| 650 | 4 | _aREVOLUCION | |
| 650 | 4 | _aMOVIMIENTOS EMANCIPADORES LATINOAMERICANOS | |
| 651 | 4 | _aEstados Unidos | |
| 651 | 4 | _aEspaña | |
| 800 | 1 |
_aGallego, José Andrés _ecoordinador |
|
| 800 | 1 |
_aGannon, MIchael _edirector |
|
| 800 | 1 |
_aLyon, Eugene _edirector |
|
| 800 | 1 |
_aGutman, Eliézer _etraductor |
|
| 942 | _cBK | ||
| 998 | _cmariana | ||
| 999 |
_c311 _d311 |
||